Statistics for Films Directed by Darren Aronofsky

Click here to take the quiz!

General Stats

  • This quiz has been taken 212 times
    (99 since last reset)
  • The average score is 6 of 8

Answer Stats

YearCreditFilm% Correct
2000director, writerRequiem for a Dream
94%
2010directorBlack Swan
87%
1998directorPi
84%
2022directorThe Whale
84%
2017director, writermother!
81%
2008directorThe Wrestler
73%
2014director, writerNoah
66%
2006director, writerThe Fountain
65%

Score Distribution

Percentile by Number Answered

Percent of People with Each Score

Your Score History

You have not taken this quiz since the last reset